The kid's guide to service projects : (Record no. 590119)
[ view plain ]
| 000 -LEADER | |
|---|---|
| fixed length control field | 01808cam a2200421 a 4500 |
| 001 - CONTROL NUMBER | |
| control field | 15792598 |
| 003 - CONTROL NUMBER IDENTIFIER | |
| control field | NUST |
| 005 - DATE AND TIME OF LATEST TRANSACTION | |
| control field | 20220606115734.0 |
| 008 - FIXED-LENGTH DATA ELEMENTS--GENERAL INFORMATION | |
| fixed length control field | 090626s2009 mnua j 001 0 eng |
| 010 ## - LIBRARY OF CONGRESS CONTROL NUMBER | |
| LC control number | 2009025797 |
| 020 ## - INTERNATIONAL STANDARD BOOK NUMBER | |
| International Standard Book Number | 9781575423388 (Hbk. : recy. paper) |
| 020 ## - INTERNATIONAL STANDARD BOOK NUMBER | |
| International Standard Book Number | 1575423383 (Hbk. : recy. paper) |
| 035 ## - SYSTEM CONTROL NUMBER | |
| System control number | (OCoLC)ocn317470917 |
| 038 ## - RECORD CONTENT LICENSOR | |
| Staff Name | Arshad |
| 040 ## - CATALOGING SOURCE | |
| Original cataloging agency | DLC |
| Transcribing agency | DLC |
| Modifying agency | IG# |
| -- | B2A |
| -- | UBY |
| -- | ABG |
| -- | YDXCP |
| -- | VP@ |
| -- | DLC |
| 042 ## - AUTHENTICATION CODE | |
| Authentication code | lcac |
| 043 ## - GEOGRAPHIC AREA CODE | |
| Geographic area code | n-us--- |
| 050 00 - LIBRARY OF CONGRESS CALL NUMBER | |
| Classification number | HV41 |
| Item number | .L455 2009 |
| 082 ## - DEWEY DECIMAL CLASSIFICATION NUMBER | |
| Classification number | 361.370835 |
| Author Mark | LEW |
| 100 1# - MAIN ENTRY--PERSONAL NAME | |
| Personal name | Lewis, Barbara A., |
| Dates associated with a name | 1943- |
| 9 (RLIN) | 92003 |
| 245 14 - TITLE STATEMENT | |
| Title | The kid's guide to service projects : |
| Remainder of title | over 500 service ideas for young people who want to make a difference / |
| Statement of responsibility, etc. | by Barbara A. Lewis ; [illustrations by Michelle Lee]. |
| 246 30 - VARYING FORM OF TITLE | |
| Title proper/short title | Service projects |
| 250 ## - EDITION STATEMENT | |
| Edition statement | Updated 2nd ed. |
| 260 ## - PUBLICATION, DISTRIBUTION, ETC. | |
| Place of publication, distribution, etc. | Minneapolis, MN : |
| Name of publisher, distributor, etc. | Free Spirit Pub., |
| Date of publication, distribution, etc. | c2009. |
| 300 ## - PHYSICAL DESCRIPTION | |
| Extent | viii, 152 p. : |
| Other physical details | ill. ; |
| Dimensions | 23 cm. |
| 500 ## - GENERAL NOTE | |
| General note | Includes index. |
| 505 0# - FORMATTED CONTENTS NOTE | |
| Formatted contents note | Getting started in service -- Animals -- Politics & government -- Community development -- Crime fighting -- The environment -- Friendship -- Health & wellness -- Homelessness -- Hunger -- Literacy -- People with special needs -- Seniors -- Safety -- Transportation -- Service project how-tos. |
| 521 0# - TARGET AUDIENCE NOTE | |
| Target audience note | 5-6. |
| 521 8# - TARGET AUDIENCE NOTE | |
| Target audience note | Ages 10 & up. |
| 650 #0 - SUBJECT ADDED ENTRY--TOPICAL TERM | |
| Topical term or geographic name entry element | Student volunteers in social service |
| Geographic subdivision | United States |
| Form subdivision | Juvenile literature. |
| 9 (RLIN) | 92004 |
| 650 #0 - SUBJECT ADDED ENTRY--TOPICAL TERM | |
| Topical term or geographic name entry element | Service learning |
| Geographic subdivision | United States |
| Form subdivision | Juvenile literature. |
| 9 (RLIN) | 92005 |
| 650 #1 - SUBJECT ADDED ENTRY--TOPICAL TERM | |
| Topical term or geographic name entry element | Volunteers. |
| 9 (RLIN) | 92006 |
| 650 #1 - SUBJECT ADDED ENTRY--TOPICAL TERM | |
| Topical term or geographic name entry element | Voluntarism. |
| 9 (RLIN) | 92007 |
| 700 1# - ADDED ENTRY--PERSONAL NAME | |
| Personal name | Lee, Michelle, |
| Relator term | ill. |
| 9 (RLIN) | 92008 |
| 906 ## - LOCAL DATA ELEMENT F, LDF (RLIN) | |
| a | 7 |
| b | cbc |
| c | orignew |
| d | 1 |
| e | ecip |
| f | 20 |
| g | y-gencatlg |
| 942 ## - ADDED ENTRY ELEMENTS (KOHA) | |
| Source of classification or shelving scheme | |
| Koha item type | Book |
| Withdrawn status | Lost status | Source of classification or shelving scheme | Damaged status | Not for loan | Permanent Location | Current Location | Shelving location | Date acquired | Total Checkouts | Full call number | Barcode | Date last seen | Price effective from | Koha item type |
|---|---|---|---|---|---|---|---|---|---|---|---|---|---|---|
| Central Library (CL) | Central Library (CL) | Sociology | 06/06/2022 | 361.370835 LEW | CL3338 | 06/06/2022 | 06/06/2022 | Book |
